Nehru (Record no. 6300)

MARC details
000 -LEADER
fixed length control field 02231 a2200325 4500
005 - DATE AND TIME OF LATEST TRANSACTION
control field 20080827103946.0
010 ## - LCCN (DPL NO)
LC control number ENG-87268 B-425551-559
020 ## - INTERNATIONAL STANDARD BOOK NUMBER
International Standard Book Number 0195686705
Terms of availability 795.00
035 ## - SYSTEM CONTROL NUMBER
System control number EN-70801 B-425551-559
037 ## - SOURCE OF ACQUISITION
Source of stock number/acquisition DBAD / PUB
037 ## - SOURCE OF ACQUISITION
Source of stock number/acquisition RBC/Ven
082 ## - DEWEY DECIMAL CLASSIFICATION NUMBER
Classification number 921
245 ## - TITLE STATEMENT
Title Nehru
Remainder of title the oxford India
Statement of responsibility, etc edited by Uma Iyengar
260 ## - PUBLICATION, DISTRIBUTION, ETC. (IMPRINT)
Place of publication, distribution, etc New Delhi
Name of publisher, distributor, etc Oxford University Press
Date of publication, distribution, etc 2007
270 ## - ADDRESS
Address YMCA Library Building, Jai Singh Road
City New Delhi
Postal code 110 001
300 ## - PHYSICAL DESCRIPTION
Extent xxiii, 758 p.
Dimensions 22 cm ( Hb.)
500 ## - GENERAL NOTE
General note Includes index.
942 ## - ADDED ENTRY ELEMENTS (KOHA)
Institution code [OBSOLETE] dpl
Item type English Books
Call number prefix 921 / NEH
Source of classification or shelving scheme Dewey Decimal Classification
Classification part 921
Call number suffix NEH
Holdings
Withdrawn status Lost status Not for loan Home library Current library Date acquired Cost, normal purchase price Full call number Barcode Copy number Cost, replacement price Koha item type Collection code Source of acquisition
      Central Library Central Library 09/05/2011 795.00 921 NEH B-425551 1 795.00 English Books Non-fiction RBC/22493/23.3.11/76/4.3.11/25.3.11
      D.B.Act.Division D.B.Act.Division 27/08/2008 795.00 921 NEH EN-70801 1 795.00 English Books    
      Janak Puri Janak Puri 09/05/2011 795.00 921 NEH B-425553 1 795.00 English Books Non-fiction RBC/22493/23.3.11/76/4.3.11/25.3.11
      Karol Bagh Karol Bagh 09/05/2011 795.00 921 NEH B-425557 1 795.00 English Books Non-fiction RBC/22493/23.3.11/76/4.3.11/25.3.11
      Narela Narela 09/05/2011 795.00 921 NEH B-425558 1 795.00 English Books Non-fiction RBC/22493/23.3.11/76/4.3.11/25.3.11
      Patel Nagar Patel Nagar 09/05/2011 795.00 921 NEH B-425552 1 795.00 English Books Non-fiction RBC/22493/23.3.11/76/4.3.11/25.3.11
      R.K.Puram-8 R.K.Puram-8 09/05/2011 795.00 921 NEH B-425555 1 795.00 English Books Non-fiction RBC/22493/23.3.11/76/4.3.11/25.3.11
      Sarojini Nagar Sarojini Nagar 09/05/2011 795.00 921 NEH B-425554 1 795.00 English Books Non-fiction RBC/22493/23.3.11/76/4.3.11/25.3.11
      Shahdara Branch Shahdara Branch 09/05/2011 795.00 921 NEH B-425559 1 795.00 English Books Non-fiction RBC/22493/23.3.11/76/4.3.11/25.3.11
      Vinoba Puri Vinoba Puri 09/05/2011 795.00 921 NEH B-425556 1 795.00 English Books Non-fiction RBC/22493/23.3.11/76/4.3.11/25.3.11

© Delhi Public Library
Hit Counter
free hit counter